| 000 | 00367nam a2200145Ia 4500 | ||
|---|---|---|---|
| 005 | 20251222151317.0 | ||
| 008 | 251222s9999||||xx |||||||||||||| ||spa|| | ||
| 020 | _a0324178301 | ||
| 082 | _a658.15/B86 | ||
| 100 | _aEugene F. Brigham | ||
| 245 | 0 | _aFundamentos de Administración Financiera | |
| 250 | _a10a.ed. | ||
| 264 | _bThomson Editores, S.A. | ||
| 942 | _cLIB | ||
| 999 |
_c23574 _d23574 |
||